000 00350nam a2200109Ia 4500
005 20251222144843.0
008 251222s9999||||xx |||||||||||||| ||spa||
082 _a239.98/P85
245 0 _aSíntesis de la instrucción sobre la teología de la liberación:
264 _bDepartamento de Publicaciones de la Prelatura de Cañete - Yauyos
942 _cLIB
999 _c21306
_d21306